| 000 | 00951nam a22002657a 4500 | ||
|---|---|---|---|
| 001 | 5042 | ||
| 003 | FISKH | ||
| 005 | 20241101131922.0 | ||
| 008 | 241101b cb ||||| |||| 00| 0 eng d | ||
| 020 | _a9780590554084 | ||
| 040 |
_aFISKH _beng _cFISKH _dFISKH |
||
| 050 | _aPZ7.P61464 | ||
| 082 | _a813.54 | ||
| 100 | _aPierce, Tamora | ||
| 245 |
_aSandry’s Book / _cby Tamora Pierce |
||
| 250 | _aFirst Scholastic trade paperback printing , September 1999 | ||
| 260 |
_aNew York : _bScholastic ; _c1998 . |
||
| 300 |
_a252 pages : _billustrations , maps ; _c18 cm . |
||
| 490 |
_aCircle of Magic _vBook 1 |
||
| 520 | _aFour young misfits find themselves living in a strictly disciplined temple community where they become friends while also learning to do crafts and to use their powers, especially magic. | ||
| 650 |
_aCircle of Magic _vchildren's literature |
||
| 700 |
_aUrsula, Albano _edesigner |
||
| 942 |
_2ddc _cBK _n0 |
||
| 999 |
_c5042 _d5042 |
||